000 00939nam a22002417a 4500
003 0
005 20251104082820.0
008 251104b xxu||||| |||| 00| 0 eng d
020 _a978-1-9821-3727-4
050 _aBF 637.S8
_b.C68 2020
100 _aCovey, Stephen R.,
_eauthor.
245 _aThe 7 habits of highly effective people :
_bpowerful lessons in personal change /
_cStephen R. Covey.
250 _aRevised and updated edition.
260 _aNew York :
_bSimon & Schuster,
_c2020.
300 _axvi, 440 pages :
_billustrations ;
_c22 cm.
504 _aIncludes bibliographical references and index.
520 _aPresents timeless principles for personal and professional effectiveness, emphasizing character ethics and proactive behavior.
650 _aSuccess
_xPsychological aspects.
650 _aConduct of life.
650 _aSelf-management (Psychology).
650 _aInterpersonal relations.
942 _2lcc
_cBK
999 _c368432
_d368432